000 00263nam a22001217a 4500
082 _a823
_bPAI/T
100 _aPAI, ANAND
245 _aTALES OF SAI BABA
260 _aBOMBAY
_bINDIA BOOK HOUSE
_c1996
300 _a32
650 _aENGLISH HOUSE
_zINDIA
942 _cBK
999 _c7446
_d7446